000
00251nam a2200109Ia 4500
008
190216s9999||||xx |||||||||||||| ||und||
100
_a
Chitragupt
245
0
_a
Golden Book Keeping
260
_b
Cambridge Uty Press
_c
1972
300
_a
234p
942
_c
BK
999
_c
4432
_d
4432